| 000 | 00579nam a22002177a 4500 | ||
|---|---|---|---|
| 003 | IBSLLIB | ||
| 005 | 20260515065533.0 | ||
| 008 | 260515b |||||||| |||| 00| 0 eng d | ||
| 020 | _a9780007479146 | ||
| 040 |
_aIBSLLIB _beng |
||
| 041 | _hEng | ||
| 082 |
_a952 _bIWA |
||
| 100 | _aKane , Iwatani Yukari | ||
| 245 |
_aHaunted Empire : _bApple After Steve Jobs |
||
| 260 |
_aLondon : _bWilliam Collins , _c2014 |
||
| 300 |
_a371 p ; _c25 cm |
||
| 650 | _aHistory geography and auxiliary discipline | ||
| 650 | _aHistory of Asia | ||
| 653 | _aEmpire | ||
| 942 | _cLBK | ||
| 999 |
_c22143 _d22143 |
||